The wealth of knowledge : intellectual capital and the twenty-first century organization (Record no. 199697)

MARC details
000 -LEADER
fixed length control field 00428nam a2200145Ia 4500
005 - DATE AND TIME OF LATEST TRANSACTION
control field 20250531102203.0
008 - FIXED-LENGTH DATA ELEMENTS--GENERAL INFORMATION
fixed length control field 231217s9999 xx 000 0 und d
020 ## - INTERNATIONAL STANDARD BOOK NUMBER
International Standard Book Number 9780385500715
082 ## - DEWEY DECIMAL CLASSIFICATION NUMBER
Classification number 658.4038 STE;1 R
100 ## - MAIN ENTRY--PERSONAL NAME
Personal name Stewart, Thomas A.
245 #4 - TITLE STATEMENT
Title The wealth of knowledge : intellectual capital and the twenty-first century organization
260 ## - PUBLICATION, DISTRIBUTION, ETC. (IMPRINT)
Date of publication, distribution, etc. 2001
Name of publisher, distributor, etc. Currency
Place of publication, distribution, etc. New York
300 ## - PHYSICAL DESCRIPTION
Extent xx, 379
942 ## - ADDED ENTRY ELEMENTS (KOHA)
Koha item type Books
Holdings
Date last seen Total Checkouts Full call number Accession number Price effective from Category Lost status Damaged status Department Withdrawn status Permanent Location Current Location Shelving location Entry date Grants Currency symbol Conversion rate Discount Discount type
26/01/2024   658.4038 STE;1 R 93487 26/01/2024 Books     Central Library   Central Library Central Library Central Library 31/05/2022 DONATED RS 1   Rupees

© For any Suggestions or Query, please contact the library staff @ librarian@pes.edu or Phone: +9180 2672 1983/ 2108.